Лінгвістичне вираження політичної тематики канадської щоденної газети "The Toronto Star" (Запис № 285363)

МАРК-запис
000 -LEADER
fixed length control field 02759nam a22001577a 4500
041 ## - LANGUAGE CODE
Language code of text/sound track or separate title ukr
080 ## - UNIVERSAL DECIMAL CLASSIFICATION NUMBER
Universal Decimal Classification number 09
090 ## - LOCALLY ASSIGNED LC-TYPE CALL NUMBER (OCLC); LOCAL CALL NUMBER (OCLC)
Local cutter number (OCLC) ; Book number/undivided call number, CALL (RLIN) ТИМ
100 ## - MAIN ENTRY--PERSONAL NAME
Personal name Тимощук, Л. В.
245 ## - TITLE STATEMENT
Title Лінгвістичне вираження політичної тематики канадської щоденної газети "The Toronto Star"
260 ## - PUBLICATION, DISTRIBUTION, ETC. (IMPRINT)
Place of publication, distribution, etc Острог
Name of publisher, distributor, etc КАФ
Date of publication, distribution, etc 2014
300 ## - PHYSICAL DESCRIPTION
Extent 106
520 ## - SUMMARY, ETC.
Summary, etc Вступ.<br/>Розділ І. Функціональні особливості публіцистичних текстів.<br/>1.1. Жанрові особливості публіцистичного стилю<br/>1.2. Лексичні особливості публіцистичного стилю<br/>1.3. Стилістичні публіцистичного стилю<br/>Розділ ІІ. Політика як обєкт лінгвістичного дослідження.<br/>2.1. Політична комунікація як особлива лінгвокультурна область<br/>2.2. Дискурсивні характеристики політичної комунікації<br/>Розділ ІІІ. Метаіори та їх прагматична функціональність у публіцистичних текстах.<br/>3.1. Визначення метафори<br/>3.2. Типологія метафор<br/>3.3. Роль концептуальних метафор у політичній публіцистиці<br/>Розділ IV. Аналіз канадської політичної публіцистики на прикладі газети "The Toronto Star".<br/>4.1. Лексичний аналіз канадських статей про події Євромайдану<br/>4.1.1. Політична термінологія<br/>4.1.2. Економічна термінологія<br/>4.1.3. Військова термінологія та лексика на позначення миротворчих процесів<br/>4.2. Концептуально-метафоричний простір у політичних статтях канадської публіцистики<br/>4.3. Групи концептуальних мтафор у мові канадських публіцистичних текстів<br/>4.3.1. Метафоричний концепт "театральності"<br/>4.3.2. Метафоричний концепт "дороги"<br/>4.3.3. Метафоричний концепт "будівництва"<br/>4.4. Семантика фразеологічних одиниць у політичному контексті<br/>Висновки.<br/>Список використаної літератури.<br/>Додатки.
-- публіцистичний текст, метафора,
650 ## - SUBJECT ADDED ENTRY--TOPICAL TERM
Topical term or geographic name as entry element Research Papers
942 ## - ADDED ENTRY ELEMENTS (KOHA)
Koha item type Книги
Фонди
Withdrawn status Lost status Source of classification or shelving scheme Damaged status Not for loan Home library Current library Date acquired Source of acquisition Cost, normal purchase price Total Checkouts Full call number Barcode Date last seen Price effective from Koha item type
    Universal Decimal Classification     ВІЛ - Відділ іноземн. літератури НБ ВІЛ - Відділ іноземн. літератури НБ 17/06/2014 Акт №8 1.00   09 215648 09/11/2021 17/06/2014 Книги